Bundesliga Duelle - Statistiken

Allgemein
  • Dieses Quiz wurde 364 mal gespielt
  • Das Durchschnittsergebnis liegt bei 10 aus 15
Antwortstatistiken
Frage Antwort % Korrekt
Bayern München - Bayer Leverkusen Bayern München
97%
Borussia Dortmund - Bayern München Bayern München
94%
Borussia Dortmund - Schalke 04 Borussia Dortmund
91%
Schalke 04 - 1. FC Nürnberg Schalke 04
91%
SC Freiburg - VfB Stuttgart VfB Stuttgart
91%
St. Pauli - Hamburger SV Hamburger SV
86%
Bayer Leverkusen - 1. FC Köln Bayer Leverkusen
71%
VfL Bochum - 1. FC Kaiserslautern 1. FC Kaiserslautern
69%
Borussia Mönchengladbach - 1. FC Köln Borussia Mönchengladbach
69%
FC Augsburg - SC Paderborn FC Augsburg
66%
Hamburger SV - Werder Bremen Werder Bremen
51%
Energie Cottbus - Hansa Rostock Ausgeglichen
37%
Hertha BSC - Union Berlin Union Berlin
37%
1860 München - 1. FC Nürnberg 1860 München
20%
Eintracht Frankfurt - 1899 Hoffenheim Ausgeglichen
6%
Keine übereinstimmenden Quizze gefunden
Verteilung der Resultate
Anzahl Personen mit jedem Resultat
Perzentil nach korrekt beantworteten Fragen
Ihre Resultats-Entwicklung
Sie haben dieses Quiz noch nicht gespielt